000 00314nam a22001217a 4500
008 230623b xxu||||| |||| 00| 0 eng d
020 _a0906383064
082 _a330.96
_bNAB 1980
245 _aImperialism and Revolution in Uganda
260 _aLondon
_bOnyx Press Ltd
_c1980
300 _aVIII,376p
942 _2ddc
_cBK
999 _c2535
_d2535